Catcheur.euse par theme song - Statistiques

Statistiques générales
  • Ce quiz a été pris 20 fois
  • Le résultat moyen est 6 sur 16
Statistiques - réponses
Theme Catcheur.euse % Correct
Voices Randy Orton
100%
Main Event Ish Jey Uso
86%
Symphonie n°9 de Dvorak Gunther
71%
Zero Miedo Penta
71%
Kingdom Cody Rhodes
57%
Demon In Your Dreams Rhea Ripley
57%
Metalingus Adam Copeland
50%
Take Flight Kenny Omega
14%
Ghost Town Triumph Adam Page
7%
New Lows Becky Lynch
7%
I Fell Darby Allin
7%
Curiosity Kazuchika Okada
7%
Prototheme Kyle Fletcher
7%
Necrosis Thekla
7%
Dream and Dream Again Toni Storm
7%
Elevated Will Ospreay
7%
Aucun quiz correspondant
Distribution des résultats
% des personnes avec chaque résultat
Percentile par nombre de réponses
Votre historique - résultats
Vous n’avez pas pris ce quiz